000 00746nam a2200265Ia 4500
001 Para_4874
003 CHAP
008 220125s1900 xx 000 0 und d
010 _a203315
040 _cCHAP
090 _aPA FOLLETO 2309
100 _aGillette, Clarence P
_948033
245 _aApiary experiments :
_b foundation in comb building /
_c Clarence P. Gillette
260 _aFort Collins :
_b Colorado Agricultural College
300 _a28 p.
440 _aColorado Agr. Exp. Sta. Bull.; 54
_9169048
650 _aColmenas
_925339
901 _aPA FOLLETO 2309
902 _aA
905 _a0000001900 FOR 0000000000 00
910 _a1900
942 _cPARA
942 _cPARA
_d1
999 _c203315
_d203315